000 00673nam a2200229 a 4500
001 85506
003 BD-RjUL
005 20250811125226.0
008 250811s1929 bg ||||| |||| 00| 0 eng d
035 _a(BD-RjUL)85506
040 _aBD-RjUL
_beng
_cBD-RjUL
041 _aben
082 _223
_a193
_bKAK 1929
100 _aKant, Immanuel
_916562
245 _aKant Selections /
_cImmanuel Kant; Theodore Meyer Greene (Editor)
260 _aNew York :
_bCharles Scribner's Sons,
_c1929
300 _a326 p.;
_c17 cm.
650 _aPhilosophy, German 18th century
_916561
650 _aPhilosophy
700 _aGreene, Theodore Meyer (Editor)
_916563
942 _2ddc
_cBK
999 _c85506
_d85506